书目信息 |
| 题名: |
机器、自然力和科学的应用
|
|
| 作者: | 马克思 著 ;自然科学史研究所 译 | |
| 分册: | ||
| 出版信息: | 北京 人民出版社 1978 |
|
| 页数: | 254页 | |
| 开本: | 20cm | |
| 丛书名: | ||
| 单 册: | ||
| 中图分类: | A122 | |
| 科图分类: | ||
| 主题词: | 马克思著作--单行本--1863 , 自然学科学史-马克思著作 , 马恩著作--单行本 | |
| 电子资源: | ||
| ISBN: | ||
| 000 | 00747nam0 2200253 45 | |
| 001 | 0178002465 | |
| 005 | 20060815101614.87 | |
| 010 | @dCNY0.50 | |
| 091 | @a1001.1041 | |
| 100 | @a19950714d1978 em y0chiy0121 ea | |
| 101 | 1 | @achi |
| 102 | @aCN@b110000 | |
| 105 | @ay z 000yy | |
| 200 | 10 | @a机器、自然力和科学的应用@Aji qi zi ran li he ke xue de ying yong@f马克思著@g自然科学史研究所译 |
| 210 | @a北京@c人民出版社@d1978 | |
| 215 | @a254页@d20cm | |
| 606 | @a马克思著作@x单行本@z1863 | |
| 606 | @a自然学科学史-马克思著作 | |
| 606 | 0 | @a马恩著作@x单行本 |
| 690 | @aA122@v3 | |
| 701 | 1 | @a马克思@Ama ke si@4著 |
| 712 | 02 | @a自然科学史研究所@Azi ran ke xue shi yan jiu suo@4译 |
| 801 | 0 | @aCN@bNLC@c20060815 |
| 905 | @f1@b974@dA122@e20 | |
| 机器、自然力和科学的应用/马克思著/自然科学史研究所译.-北京:人民出版社,1978 |
| 254页;20cm |
| ISBN :CNY0.50 |
| ● |
| 相关链接 |
|
|
|
|
正题名:机器、自然力和科学的应用
索取号:A122/20
 
预约/预借
| 序号 | 登录号 | 条形码 | 馆藏地/架位号 | 状态 | 备注 |
| 1 | 0000974 | 000563143 | 第一借阅区/ [索取号:A122/20] | 在馆 | |
| 2 | 0426585 | 204265856 | 密集书库/ [索取号:A122/20] | 在馆 | |
| 3 | 0448832 | 204488321 | 密集书库/ [索取号:A122/20] | 在馆 | |
| 4 | 0460204 | 204602046 | 密集书库/ [索取号:A122/20] | 在馆 |